• 首页
  • 本馆介绍
  • 公告通知
  • 最新文献
  • 馆藏检索
  • 电子资源
  • 读者导购
  • 参考咨询
  • 我的图书馆
  • 登录
  • 详细信息显示
  • 放入我的书架
  • 预约/预借图书
  • 作者相关作品
  • 分类相关作品
  • 丛书相关作品
  • 出版社相关作品

书目信息

  • 表格格式
  • 工作单格式
  • 卡片格式
题名:
一本书读懂海明威
    
 
作者: 陈昊, 编著
分册:  
出版信息: 沈阳   沈阳出版社  2018.03
页数: 163页
开本: 23cm
丛书名: 大人物系列
单 册:
中图分类: K837.125.6=533 , I712.065
科图分类:
主题词: 作家--zuo jia--人物研究--美国--现代
电子资源:
ISBN: 978-7-5441-9012-1
000 01372nam 2200325 450
001 CAL 0120182418368
005 20181203154928.53
010    @a978-7-5441-9012-1@b@dCNY29.80
100    @a20180320d2018 em y0chiy50 ea
101 0  @achi
102    @aCN@b210000
105    @aa a 000yd
106    @ar
200 1  @a一本书读懂海明威@Ayi ben shu du dong hai ming wei@f陈昊编著@g
210    @a沈阳@c沈阳出版社@d2018.03
215    @a163页@c图@d23cm
225 2  @a大人物系列@Ada ren wu xi lie
314    @a陈昊, 生于1977年, 辽宁阜新人, 毕业于辽宁工程技术大学, 工程硕士学位。
320    @a有书目 (第162-163页)
330    @a本书讲述了海明威别样的一生。他以参加两次世界大战的经历进行的自传性写作开创了写作的极简文风。他是美国“迷惘一代”的代表人物。他的“冰山理论”, 影响了一代文学家的创作理念。他是文坛硬汉, 更是反法西斯斗士, 他获得了两次战斗英雄勋章。他的《老人与海》在1953年获得普利策奖, 在1954年获得诺贝尔文学奖。
410  0 @12001 @a大人物系列
600  1 @a海明威@Ahai ming wei@g(Hemingway, Ernest),@f1899-1961@x人物研究
600  1 @a海明威@Ahai ming wei@g(Hemingway, Ernest),@f1899-1961@x文学研究
606 0  @a作家@Azuo jia@x人物研究@y美国@z现代
690    @aK837.125.6=533@v5
690    @aI712.065@v5
701  0 @a陈昊,@Achen hao@f1977-@4编著
801  0 @aCN@b人天书店@c20180320@g
905    @aBZT@dK837.125.6=533@e1
906    @dCNY29.80@n3@r1
    
    一本书读懂海明威/陈昊编著.-沈阳:沈阳出版社,2018.03
    163页:图;23cm.-(大人物系列)
    
    
    ISBN 978-7-5441-9012-1:CNY29.80
    本书讲述了海明威别样的一生。他以参加两次世界大战的经历进行的自传性写作开创了写作的极简文风。他是美国“迷惘一代”的代表人物。他的“冰山理论”, 影响了一代文学家的创作理念。他是文坛硬汉, 更是反法西斯斗士, 他获得了两次战斗英雄勋章。他的《老人与海》在1953年获得普利策奖, 在1954年获得诺贝尔文学奖。
●
相关链接 在五车中查询图书 在当当中查询图书 在豆瓣中查询图书


正题名:一本书读懂海明威     索取号:K837.125.6=533/1         预约/预借

序号 登录号 条形码 馆藏地/架位号 状态 备注
1 850649   2000850649   第二书库/ [索取号:K837.125.6=533/1] 在馆    
2 850650   2000850650   第二书库/ [索取号:K837.125.6=533/1] 在馆    
3 850651   2000850651   第二书库/ [索取号:K837.125.6=533/1] 在馆    
山东省滨州职业学院图书馆 欢迎您!
大连网信软件有限公司© 版权所有